Vincitori David di Donatello per il miglior film - Statistics

Statistiche generali
  • Questo quiz è stato fatto 24 volte
  • Il punteggio medio è 25 su 66
Statistiche sulle risposte
Anno Regia Film % Corretto
2022 Paolo Sorrentino È stata la mano di Dio
83%
1991 Gabriele Salvatores Mediterraneo
83%
2019 Matteo Garrone Dogman
78%
1998 Roberto Benigni La vita è bella
78%
1974 Federico Fellini Amarcord
72%
2001 Nanni Moretti La stanza del figlio
72%
2005 Paolo Sorrentino Le conseguenze dell'amore
72%
2009 atteo Garrone Gomorra
67%
2006 Nanni Moretti Il caimano
67%
1970 Elio Petri Indagine su un cittadino al di sopra di ogni sospetto
67%
1988 Bernardo Bertolucci L'ultimo imperatore
67%
1982 Carlo Verdone Borotalco
61%
2020 Marco Bellocchio Il traditore
61%
2016 Paolo Genovese Perfetti sconosciuti
61%
1971 Vittorio De Sica Il giardino dei Finzi-Contini
56%
2023 Felix Van Groeningen e Charlotte Vandermeersch Le otto montagne
56%
1981 Massimo Troisi Ricomincio da tre
56%
1994 Nanni Moretti Caro diario
50%
1993 Francesca Archibugi Il grande cocomero
50%
1972 Elio Petri La classe operaia va in paradiso
50%
1979 Ermanno Olmi L'albero degli zoccoli
50%
1984 Ettore Scola Ballando ballando
44%
2012 Paolo e Vittorio Taviani Cesare deve morire
44%
1984 Federico Fellini E la nave va
44%
1978 Luigi Magni In nome del Papa Re
44%
1987 Ettore Scola La famiglia
44%
2007 Giuseppe Tornatore La sconosciuta
44%
2014 Paolo Virzì Il capitale umano
39%
1971 Bernardo Bertolucci Il conformista
39%
1983 Paolo e Vittorio Taviani La notte di San Lorenzo
39%
1995 Daniele Luchetti La scuola
39%
2000 Silvio Soldini Pane e tulipani
39%
1991 Francesca Archibugi Verso sera
39%
1996 Paolo Virzì Ferie d'agosto
33%
1992 Gianni Amelio Il ladro di bambini
33%
2002 Ermanno Olmi Il mestiere delle armi
33%
2003 Ferzan Özpetek La finestra di fronte
33%
2017 Paolo Virzì La pazza gioia
33%
1997 Francesco Rosi La tregua
33%
1974 Franco Brusati Pane e cioccolata
33%
1990 Gianni Amelio Porte aperte
33%
1986 Mario Monicelli Speriamo che sia femmina
33%
1973 Pietro Germi Alfredo Alfredo
28%
1976 Francesco Rosi Cadaveri eccellenti
28%
1979 Francesco Rosi Cristo si è fermato a Eboli
28%
2004 Marco Tullio Giordana La meglio gioventù
28%
1977 Mario Monicelli Un borghese piccolo piccolo
28%
2018 Manetti Bros. Ammore e malavita
22%
1979 Franco Brusati Dimenticare Venezia
22%
1978 Pasquale Squitieri Il prefetto di ferro
22%
1989 Ermanno Olmi La leggenda del santo bevitore
22%
2011 Mario Martone Noi credevamo
22%
1975 i Luchino Visconti Gruppo di famiglia in un interno
17%
1977 Valerio Zurlini Il deserto dei Tartari
17%
2021 Giorgio Diritti Volevo nascondermi
17%
1985 Francesco Rosi Carmen
11%
2013 Giuseppe Tornatore La migliore offerta
6%
1973 Luchino Visconti Ludwig
6%
1970 Mauro Bolognini Metello
6%
1971 Sergej Bondarchuk Waterloo
6%
2015 Francesco Munzi Anime nere
0%
1975 Mauro Bolognini Fatti di gente perbene
0%
1999 Giuseppe Piccioni Fuori dal mondo
0%
2008 Andrea Molaioli La ragazza del lago
0%
2010 Giorgio Diritti L'uomo che verrà
0%
1972 i Alberto Bevilacqua Questa specie d'amore
0%
Nessun quiz corrispondente trovato
Distribuzione punteggi
Percentuale di utenti per punteggio
Percentile per numero di risposta
I tuoi punteggi nel tempo
Non hai fatto questo quiz